Convivencia y globalización: aportes para la paz
Los temas de estudio abordados en el presente libro, representan un ejercicio metódico y serio para entender el conflicto colombiano, reflexionando sobre el pasado de una manera crítica.
Gespeichert in:
| 1. Verfasser: | |
|---|---|
| Format: | Buch |
| Sprache: | Spanish |
| Veröffentlicht: |
Bogotá:
Universidad Pedagógica Nacional,
2002
|
| Ausgabe: | 1 |
| Schlagworte: | |
| Online Zugang: | Enlace del recurso |
| Tags: |
Tag hinzufügen
Keine Tags, Fügen Sie den ersten Tag hinzu!
|
MARC
| LEADER | 00000nam a2200000 a 4500 | ||
|---|---|---|---|
| 001 | 001132 | ||
| 008 | 030618s2002 ck a fr# #000|0#spa#d | ||
| 020 | |a 958-9097-68-5 | ||
| 041 | 0 | |a spa | |
| 043 | |a s-ck--- | ||
| 082 | 0 | 4 | |a 361.25 |b O422c |
| 100 | 1 | |a Ojeda Awad, Alonso | |
| 245 | 1 | 0 | |a Convivencia y globalización: |b aportes para la paz |c Alonso Ojeda Awad |
| 250 | |a 1 | ||
| 260 | |a Bogotá: |b Universidad Pedagógica Nacional, |c 2002 | ||
| 300 | |a 351 p.: |b il., gráf. | ||
| 520 | 3 | |a Los temas de estudio abordados en el presente libro, representan un ejercicio metódico y serio para entender el conflicto colombiano, reflexionando sobre el pasado de una manera crítica. | |
| 650 | 1 | 4 | |a POLÍTICA SOCIAL |z COLOMBIA |
| 650 | 1 | 4 | |a PAZ |
| 999 | |c 3284 |d 3284 | ||
| 856 | |u https://catalogo.idep.edu.co/cgi-bin/koha/opac-detail.pl?biblionumber=3284 |z Enlace del recurso | ||